Statistics for Heavy Metal Hits: Late 70's/Early 80's

Click here to take the quiz!

General Stats

  • This quiz has been taken 190 times
  • The average score is 5 of 15

Answer Stats

Song TitleAnswer% Correct
'Breaking The Law'Judas Priest
94%
'You Shook Me All Night Long'AC DC
89%
'Overkill'Motorhead
54%
'Since You've Been Gone'Rainbow
48%
'Dream Police'Cheap Trick
40%
'Sanctuary'Iron Maiden
36%
'747 (Strangers In The Night)'Saxon
28%
'Wasted'Def Leppard
16%
'Shoot Shoot' (live)UFO
15%
'I Like To Rock'April Wine
9%
'Riding With The Angels'Samson
9%
'Is There Anybody There?'Scorpions
8%
'New Orleans'Gillan
7%
'Heatstrokes'Krokus
5%
'Nothing To Lose'Girlschool
2%

Score Distribution

Percentile by Number Answered

Percent of People with Each Score

Your Score History

You have not taken this quiz